000 nam a22 7a 4500
999 _c127205
_d127205
008 171109b xxu||||| |||| 00| 0 eng d
050 _aHM136.A85 1998
245 _aAutomy and community
_bReading in contemporary Kantian social philosophy
_cEdited by Jane Kneller
260 _aNew York
_bState University of New York Press
_c1998
300 _axi, 334p. ;
_c22cm.
440 _aSUNY series in social and political thought
_937474
600 _aKant, Immanuel
_d1724-1804
_xEthics
_920190
600 _aKant, Immanuel
_d1724-1804
_xPolitical and social views
_911019
600 _aKant, Immanuel
_d1724-1804
_xInfluence
_937475
650 _aSocial conflict
_99948
650 _aSocial problems
_96331
700 _aKneller, Jane
_eed.
_937476
700 _aAxinn, Sidney
_eed.
_937477
942 _2lcc
_cMONOGRAPH